Eficin̊cia, eficc̀ia e efetividade Velhos desafios ao novo Cd̤igo de Processo Civil /

Detalles Bibliográficos
Autor principal: de Sousa Gustin, Miracy Barbosa
Otros Autores: Sette Lopes, Mn̥ica, Silva Nicc̀io, Camila
Formato: eBook
Lenguaje:portugués
Publicado: Belo Horizonte: Initia Via Editora, 2016
Materias:
Acceso en línea:Acceso restringido

MARC

LEADER 00000nam a22000007a 4500
005 20210104234358.0
007 cr|||| ||||
008 210104s2016 br |||||s|||| 00||0 por d
020 |a 978-85-64912-95-3 
035 |a 32533 
040 |a vLex 
090 |c 11047  |d 11047 
100 1 |a de Sousa Gustin, Miracy Barbosa 
245 1 0 |a Eficin̊cia, eficc̀ia e efetividade  |h [Recurso electrn̤ico] :  |b Velhos desafios ao novo Cd̤igo de Processo Civil /  |c Miracy Barbosa de Sousa Gustin, Mn̥ica Sette Lopes, Camila Silva Nicc̀io 
256 |a Servicio en ln̕ea 
260 |a Belo Horizonte:  |b Initia Via Editora,  |c 2016 
300 |a 1 recurso electrn̤ico 
500 |a O objetivo desta coletńea e das comunicaė̳s que por meio dela se anunciam ̌contribuir para uma leitura atual e crt̕ica da nova legislaȯ̂ processual, atentos os autores ao fato de que ela contribui para que nos aproximemos de um sentido mais amplo e efetivo de justiȧ. Cabe s̉ prt̀icas e s̉ ml︢tiplas concepė̳s interpretativas perfazerem cultura o que se faz pelo palmilhar daquela boa parte do caminho que tende e deve levar ̉efetividade dos princ-̕ pios, dos ritos e dos institutos que fazem do Cd̤igo de Processo Civil de 2015 um canal das esperanȧs de um direito melhor e mais justo 
506 1 |a Disponible solo en los productos indicados  |d vLex Global  |d vLex Global (Academic Edition, excluding Law Schools)  |d vLex Global (U.S. Academic Edition, Law Schools)  |d vLex Global (U.S. Academic Edition, excluding Law Schools)  |d vLex Global (Academic Edition, Law Schools) 
650 0 4 |a Derecho Procesal  |z Brasil 
650 0 4 |a Procedimiento Civil  |z Brasil 
700 1 |a Sette Lopes, Mn̥ica 
700 1 |a Silva Nicc̀io, Camila 
740 0 |a vLex Libros (Servicio en ln̕ea) 
856 4 0 |u http://vlex.com/source/efici-ncia-eficacia-e-efetividade-velhos-desafios-ao-novo-codigo-de-processo-civil-32533  |z Acceso restringido 
942 |c BOOK 
999 0 |a Procedural Law 
999 0 |a Civil Procedure